LDC : les records français - Statistiques

Statistiques générales
  • Ce quiz a été pris 293 fois
  • Le résultat moyen est 12 sur 16
Statistiques - réponses
Hint Réponse Réponse % Correct
Nombre de buts marqués (90) Joueur Karim Benzema
93%
Nombre de matches disputés (150) Joueur Karim Benzema
90%
Premier club à remporter la C1 Club Olympique de Marseille
89%
Plus longue invincibilité (17) Club Paris Saint-Germain
89%
Nombre de passes décisives (29) Joueur Karim Benzema
88%
Club ayant le plus de buts (283) Club Paris Saint-Germain
88%
Equipe avec le moins de points lors des phases de poule (0) Club Olympique de Marseille
86%
Equipe invaincue durant sa campagne Club Olympique de Marseille
86%
Moins de buts encaissés en phase de groupes (1) Club Paris Saint-Germain
86%
Plus grand série de matches consécutifs en ayant marqué (34) Club Paris Saint-Germain
86%
Meilleure différence de buts en phase de groupes (+ 21) Club Paris Saint-Germain
85%
Premier club à disputer une finale de C1 (55/56) Club Stade de Reims
83%
Club ayant le plus de matches disputés (148) Club Olympique Lyonnais
75%
Entraineur ayant remporté le plus de LDC consécutives (3) Entraineur Zinédine Zidane
74%
Plus de buts en une rencontre (4) Joueur Olivier Giroud/ Just Fontaine
27%
Plus grand nombre d'exclusions (3) Joueur Patrick Viera
2%
Aucun quiz correspondant
Distribution des résultats
% des personnes avec chaque résultat
Percentile par nombre de réponses
Votre historique - résultats
Vous n’avez pas pris ce quiz